<?xml version="1.0" encoding="UTF-8"?>
<record
    xmlns:xsi="http://www.w3.org/2001/XMLSchema-instance"
    xsi:schemaLocation="http://www.loc.gov/MARC21/slim http://www.loc.gov/standards/marcxml/schema/MARC21slim.xsd"
    xmlns="http://www.loc.gov/MARC21/slim">

  <leader>00555nam a22001697a 4500</leader>
  <datafield tag="952" ind1=" " ind2=" ">
    <subfield code="0">0</subfield>
    <subfield code="1">0</subfield>
    <subfield code="2">ddc</subfield>
    <subfield code="4">0</subfield>
    <subfield code="7">0</subfield>
    <subfield code="8">NFIC</subfield>
    <subfield code="a">ASL</subfield>
    <subfield code="b">ASL</subfield>
    <subfield code="c">GEN</subfield>
    <subfield code="d">2021-10-28</subfield>
    <subfield code="e">ASB Library Collection</subfield>
    <subfield code="h">U-0651</subfield>
    <subfield code="l">0</subfield>
    <subfield code="o">297.63 NUA</subfield>
    <subfield code="p">113336</subfield>
    <subfield code="r">2021-10-28 00:00:00</subfield>
    <subfield code="t">C-1</subfield>
    <subfield code="w">2021-10-28</subfield>
    <subfield code="y">BK</subfield>
  </datafield>
  <datafield tag="999" ind1=" " ind2=" ">
    <subfield code="c">27248</subfield>
    <subfield code="d">27248</subfield>
  </datafield>
  <controlfield tag="003">BDDh-ASL</controlfield>
  <controlfield tag="005">20231015030737.0</controlfield>
  <controlfield tag="008">211028s1891    ii ||||| |||| 00| 0 u   d</controlfield>
  <datafield tag="040" ind1=" " ind2=" ">
    <subfield code="a">BDDh-ASL</subfield>
    <subfield code="c">BDDh-ASL</subfield>
  </datafield>
  <datafield tag="082" ind1=" " ind2=" ">
    <subfield code="a">297.63</subfield>
    <subfield code="b">NUA </subfield>
  </datafield>
  <datafield tag="100" ind1="1" ind2=" ">
    <subfield code="9">5489</subfield>
    <subfield code="a">Nurullah, Enayet Ahmad </subfield>
  </datafield>
  <datafield tag="245" ind1="1" ind2="0">
    <subfield code="a">AL Kalamul Mubin Fi Ayat Rahmatul Lil Alamin : / &#x627;&#x644;&#x6A9;&#x644;&#x627;&#x645; &#x627;&#x644;&#x645;&#x628;&#x64A;&#x646; &#x641;&#x6CC; &#x622;&#x64A;&#x627;&#x62A; &#x631;&#x62D;&#x645;&#x62A; &#x644;&#x644;&#x639;&#x627;&#x644;&#x645;&#x64A;&#x646; </subfield>
  </datafield>
  <datafield tag="260" ind1=" " ind2=" ">
    <subfield code="a">Lucknow : </subfield>
    <subfield code="b">Nami Press , </subfield>
    <subfield code="c">1891. </subfield>
  </datafield>
  <datafield tag="300" ind1=" " ind2=" ">
    <subfield code="a">152 p. : </subfield>
    <subfield code="c">25 cm. </subfield>
  </datafield>
  <datafield tag="650" ind1=" " ind2="0">
    <subfield code="9">2239</subfield>
    <subfield code="a">Prophet</subfield>
    <subfield code="v">Muhammad (SM.)</subfield>
  </datafield>
  <datafield tag="942" ind1=" " ind2=" ">
    <subfield code="2">ddc</subfield>
    <subfield code="c">BK</subfield>
  </datafield>
</record>
